000 00481nam a2200181 a 4500
001 1772625972287
003 YourLibrary
005 20260304173725.0
008 260304s2008##################000#0#eng##
020 _a9780230545496
082 0 4 _a327.47
_bBEL
100 1 _aBelopolsky, H.,
_eauthor.
245 1 0 _aRussia and the Challengers :
260 _bPalgrave Macmillan,
_c2008.
650 0 _aPolitical Science.
942 _cENGLISH
040 _aYourLibrary
_beng
_cYourLibrary
999 _c616946
_d616946